| 000 | 00408cam a22001577a 4500 | ||
|---|---|---|---|
| 008 | 180718b1956 xxu||||| |||| 00| 0 eng d | ||
| 020 | _a8185569185 | ||
| 082 | _aZ13 H831a | ||
| 100 | _aHoward, Albert | ||
| 245 |
_aAgricultural testament _cby Albert Howard |
||
| 260 |
_aGoa _bThe Other India Press _c1956 |
||
| 300 | _a262p. | ||
| 650 | _aSoil fertility | ||
| 650 | _aCompost | ||
| 650 | _aOrganic farming | ||
| 999 |
_c378840 _d378840 |
||